Hledání plánu pro město. Regulační plán či územní studie? : Sborník z konference AUÚP, Praha 23.-24. 10. 2014 /

Gespeichert in:
Bibliographische Detailangaben
Weitere Verfasser: Blatová, Tamara (Herausgegeben von)
Format: Buch
Sprache:Tschechisch
Veröffentlicht: Brno : Ústav územního rozvoje, 2014
Ausgabe:1. vydanie
Schlagworte:
Tags: Tag hinzufügen
Keine Tags, Fügen Sie das erste Tag hinzu!

MARC

LEADER 00000nam a22000003a 4500
001 0065191
003 SK-STU
005 20190328154236.2
007 ta
008 180522s ----xo-----e------000-0-----d
020 |a 978-80-87318-31-7 
040 |a STU  |b slo 
041 0 |a cze 
044 |a xr 
100 1 |a Blatová, Tamara  |4 edt 
245 1 0 |a Hledání plánu pro město. Regulační plán či územní studie? :  |b Sborník z konference AUÚP, Praha 23.-24. 10. 2014 /  |c ed. Tamara Blatová 
250 |a 1. vydanie 
260 |a Brno :  |b Ústav územního rozvoje,  |c 2014 
300 |a 55 s. 
500 |a Mimořádná příloda časopisu Urbanismus a územní rozovoj č. 6/2014 
650 0 7 |a urbanizmus a územné plánovanie 
650 0 7 |a regulácia 
650 0 7 |a regulačný plán 
650 0 7 |a územný plán mesta 
996 |b 284AU07493  |c A* 10742/U  |l AAKNST  |s P  |a 0  |w 0065191_0001 
996 |b 284AU07494  |c A* 10743/U  |l AAKNAR  |s A  |a 24  |w 0065191_0002